000 00419nam a2200133Ia 4500
008 100328s9999 xx 000 0 und d
082 _b70915
100 _aपुरंदरे माधुरी
245 _aहॅनाची सुटकेस
260 _bज्योत्न्सा
630 _aहॅनाची सुटकेस
730 _aहॅनाची सुटकेस
942 _cBOOK
999 _c556640
_d556637